000 00508nam a22001817a 4500
005 20251027192803.0
008 241031b |||||||| |||| 00| 0 eng d
020 _a9780766850125
050 _aRT41.
_bF8816 FUN
245 _aFundamentals of nursing
_bStandards and Practice
250 _a2ND
260 _aCanada
_bDelmar Thomson Learning
_cc2002
300 _axlix,1358p;
_bill.;
500 _aIncludes Glosssary, Index
700 _aDelaune, Sue C.
700 _aLadner, Partricia K.
942 _2lcc
_cBK
_n0
999 _c488
_d488